Guía del comprador de sistemas de gestión /
Guardado en:
| Autor Principal: | |
|---|---|
| Otros Autores: | |
| Formato: | Libro |
| Idioma: | Spanish English |
| Publicado: |
Madrid :
McGraw-Hill,
c1983.
|
| Materias: | |
| Etiquetas: |
Agregar Etiqueta
Sin Etiquetas, Sea el primero en etiquetar este registro!
|
| LEADER | 00748nam a22001935 4500 | ||
|---|---|---|---|
| 001 | EAD.ead002017 | ||
| 008 | 080718s1983####sp#a##########000#0#spa#d | ||
| 005 | 20100406142117.0 | ||
| 245 | 1 | 0 | |a Guía del comprador de sistemas de gestión / |c Adam Osborne, Steven Cook ; traducción, Luis Joyanes Aguilar, José Carlos Sastre Torres ; revisión técnica, José Manuel Sánchez Pérez. |
| 260 | |a Madrid : |b McGraw-Hill, |c c1983. | ||
| 300 | |a x, 173 p. : |b il. ; |c 21 cm. | ||
| 500 | |a Traducción de: Business systems buyer's guide. | ||
| 020 | |a 968451462X | ||
| 100 | 1 | |a Osborne, Adam. | |
| 700 | 1 | |a Cook, Steven, |d 1960- | |
| 082 | 0 | 4 | |a 004 |2 21 |
| 650 | 7 | |a Computadoras. |2 unbist | |
| 041 | 1 | |a spa |h eng | |
| 859 | |a AR-BaBDC |b BIB. ADMINISTRACION - Libros |h 004 |i Os1 |p b01760 | ||
